000 01275 a2200325 4500
001 200129434
651 0 _aTurkey
_xForeign economic relations
_zEuropean Union countries
_922260
651 0 _aEuropean Union countries
_xForeign economic relations
_zTurkey
_922262
651 0 _aTürkiye
_xEkonomik durum
_980633
999 _c200129434
_d31510
003 TR-AnTOB
005 20240906105636.0
008 130522s2012 tu 000 0
020 _a9786054667321
040 _aTR-AnTOB
041 _aeng
050 0 0 _aHC492
_b.K37 2012
090 _aHC492 .K37 2012
245 0 0 _aPre accession economic programme 2013-2015 /
_cMinistry of Development.
264 1 _aAnkara:
_bMinistry of Development,
_c2012.
300 _avi, 90 p. :
_bgrf., tbl. ;
_c27 cm.
505 _a1. Policy framework and objectives -- 2. Macroeconomic outlook -- 3. Public finance -- 4. Structural reforms.
650 0 _aEconomic indicators
_zTurkey
_918462
650 0 _aEkonomik göstergeler
_zTürkiye
_918460
651 0 _aTurkey
_xEconomic conditions
_980629
651 0 _aAvrupa Birliği ülkeleri
_xDış ekonomik ilişkiler
_zTürkiye
_922256
651 0 _aTürkiye
_xDış ekonomik ilişkiler
_zAvrupa Birliği ülkeleri
_922258
710 _aTürkiye.
_bKalkınma Bakanlığı
_986831
942 _cBK